| 000 | 00812nam a22002177a 4500 | ||
|---|---|---|---|
| 999 |
_c16365 _d16365 |
||
| 003 | AR-CdUCM | ||
| 008 | 190503b ||||| |||| 00| 0 spa d | ||
| 040 |
_aMUNICIPALIDAD PROVINCIAL DEL CUSCO _cBIBLIOTECA MUNICIPAL DEL CUSCO |
||
| 082 |
_a335.4 / _bE57 |
||
| 100 |
_aEngels, Federico _95460 |
||
| 245 | _aPrincipios de comunismo / | ||
| 260 |
_aPerú : _bFondo de cultura popular, _c1973. |
||
| 300 |
_a156 páginas ; _c17 cm. |
||
| 440 |
_aColección fondo de cultura popular _935767 |
||
| 505 | _aContenido: Principios de comunismo, Federico Engels -- Concepción materialista de la historia -- El papel de individuo de la historia. | ||
| 650 |
_aComunismo _9495 |
||
| 650 |
_aHistoria del comunismo _935768 |
||
| 650 |
_aEscuela subjetivista _935769 |
||
| 942 |
_2ddc _cLIBROS |
||
| 945 |
_adavv _d03/05/2019 |
||